Tutti gli Stati che hanno controllato Torino - Statistics

Statistiche generali
  • Questo quiz è stato fatto 30 volte
  • Il punteggio medio è 24 su 45
Statistiche sulle risposte
con Immagini Hint Risposta % Corretto
27 a.C. - 395 Impero Romano
93%
1946 - Oggi Repubblica Italiana
89%
1814 - 1861 Regno di Sardegna
81%
1861 - 1943 Regno d'Italia
81%
395 - 402 Impero Romano d'Occidente
78%
1943 - 1944 Repubblica sociale Italiana
78%
405 - 476 Impero Romano d'Occidente
74%
1944 - 1946 Regno d'Italia
74%
58 a.C. - 27 a.C. Repubblica Romana
74%
800 - 843 Impero Carolingio
70%
402 - 405 Impero Romano d'Occidente
70%
1536 - 1559 Regno di Francia e di Navarra
70%
218 a.C. Repubblica di Cartagine
70%
553 Impero Bizantino
67%
556 - 569 Impero Bizantino
67%
1798 Prima Repubblica Francese
67%
1800 Prima Repubblica Francese
67%
(1720 - 1798) Regno di Sardegna
67%
569 - 773 Regno Longobardo
67%
1802 - 1804 Prima Repubblica Francese
63%
1804 - 1814 Primo Impero Francese
63%
773 - 800 Regno dei Franchi
63%
~250 a.C. - 218 a.C. Tribù Taurine / Taurisce
63%
553 - 556 Regno dei Franchi
59%
961 - 1270 / 1276 - 1536 / 1559 - 1798 / 1799 - 1800 Sacro Romano Impero
59%
218 a.C. - 58 a.C. Tribù Taurine / Taurisce
59%
(1559 - 1720) Ducato di Savoia
56%
493 - 553 Regno Ostrogoto
52%
(1416 - 1536) Ducato di Savoia
41%
476 - 493 Regno di Odoacre
41%
855 - 954 Regno Franco d'Italia
37%
954 - 961 Regno Franco d'Italia
33%
843 - 855 Regno Lotaringio di Francia Media
33%
493 Regno dei Burgundi
30%
402 Tribù Visigote
30%
405 Tribù Visigote
30%
(1250 - 1255) Contea di Savoia
26%
(1280 - 1416) Contea di Savoia
26%
954 Principato d'Ungheria
22%
1270 - 1276 Regno di Sicilia
22%
1798 - 1799 Repubblica Piemontese
19%
(1799 - 1800) Seconda Coalizione / Regno di Sardegna
19%
(1255 - 1270) Comune Libero di Asti
11%
(1276 - 1280) Marchesato del Monferrato
11%
1800 - 1802 Repubblica Subalpina
7%
Nessun quiz corrispondente trovato
Distribuzione punteggi
Percentuale di utenti per punteggio
Percentile per numero di risposta
I tuoi punteggi nel tempo
Non hai fatto questo quiz